000 00806cam a2200193 4500
082 _a621.815
_bSPO
_cL-12, P28
100 1 _aSpooner, Henry J.
_942143
245 0 0 _aMachine design, construction and drawing;
_ba text-book for the use of young engineers,
_cby Henry J. Spooner, with 126 tables, 7 plates, over 1600 figures, 446 exercises and a selection of examination papers.
250 _a6th ed., rev. and enl.
260 _aLondon,
_aNew York [etc.]
_bLongmans, Green and co. ltd.,
_c1927.
300 _axxiv, 775 p.
_billus., fold. plates, diagrs.
_c23 cm.
500 _aContains bibliographies.
526 _a0
_b0
_c0
_d621_815000000000000_SPO
650 0 _aMachine design.
_918984
650 0 _aMachinery industry.
_942144
650 0 _aMCE
_9379
650 0 _aMechanical drawing.
942 _2ddc
_cBK
999 _c546085
_d546085